[Event "Moravia-ch"]
[Site "Moravia"]
[Date "1997.??.??"]
[Round "?"]
[White "Perina, Michal"]
[Black "Kubala, Petr"]
[Result "0-1"]
[WhiteElo "1975"]
[BlackElo "2305"]
[PlyCount "56"]
[EventDate "1997.??.??"]
[EventType "swiss"]
[EventRounds "9"]
[EventCountry "CZE"]
[SourceTitle "EXT 1999"]
[Source "ChessBase"]
[SourceDate "1998.11.16"]
[SourceVersion "1"]
[SourceVersionDate "1998.11.16"]
[SourceQuality "1"]

1. e4 c5 2. Nc3 e6 3. f4 Nc6 4. Nf3 d5 5. Bb5 Nge7 6. Bxc6+ Nxc6 7. d3 Be7 8. 0-0 0-0 9. a4 b6 10. Kh1 d4 11. Ne2 f5 12. e5 Qd5 13. Bd2 Rd8 14. b3 a6 15. Qe1 Bb7 16. Qf2 b5 17. h3 c4 18. bxc4 bxc4 19. Kh2 a5 20. Rg1 cxd3 21. cxd3 Ba6 22. Rad1 Bxd3 23. Bxa5 Bxe2 24. Bxd8 Bxd1 25. Bxe7 Bxf3 26. Bf6 Bh5 27. g4 Bg6 28. h4 Rxa4 0-1

[Event "CZE-chT2c 9596"]
[Site "Czech Republic"]
[Date "1996.??.??"]
[Round "7"]
[White "Jaworski, Miroslaw"]
[Black "Kubala, Petr"]
[Result "1-0"]
[WhiteElo "2360"]
[BlackElo "2285"]
[PlyCount "81"]
[EventDate "1995.??.??"]
[EventType "team-tourn"]
[EventRounds "11"]
[EventCountry "CZE"]
[SourceTitle "EXT 2000"]
[Source "ChessBase"]
[SourceDate "1999.11.16"]
[SourceVersion "1"]
[SourceVersionDate "1999.11.16"]
[SourceQuality "1"]

1. d4 Nf6 2. Nf3 d5 3. c4 c6 4. Nc3 a6 5. c5 Nbd7 6. Bf4 Nh5 7. g3 Nxf4 8. gxf4 b6 9. b4 a5 10. a3 g6 11. Bg2 Bg7 12. Ne5 Nxe5 13. fxe5 f6 14. f4 fxe5 15. dxe5 e6 16. 0-0 0-0 17. Qd4 axb4 18. axb4 Rxa1 19. Rxa1 g5 20. e3 gxf4 21. exf4 Qh4 22. Ne2 Bh6 23. cxb6 Bxf4 24. Nxf4 Rxf4 25. Qe3 Bb7 26. Ra7 Rf7 27. Qg3+ Qxg3 28. hxg3 Re7 29. Kf2 Kf7 30. Ke3 Bc8 31. Kd4 Bb7 32. Kc5 Rd7 33. Rxb7 Rxb7 34. Kxc6 Rb8 35. Kc7 Rg8 36. b7 Kg6 37. b8Q Rxb8 38. Kxb8 Kf5 39. Kc7 Kxe5 40. b5 d4 41. b6 1-0

[Event "CZE-chT2c 9596"]
[Site "Czech Republic"]
[Date "1996.??.??"]
[Round "6"]
[White "Kubala, Petr"]
[Black "Michenka, Jozef"]
[Result "1-0"]
[WhiteElo "2285"]
[BlackElo "2360"]
[PlyCount "73"]
[EventDate "1995.??.??"]
[EventType "team-tourn"]
[EventRounds "11"]
[EventCountry "CZE"]
[SourceTitle "EXT 2000"]
[Source "ChessBase"]
[SourceDate "1999.11.16"]
[SourceVersion "1"]
[SourceVersionDate "1999.11.16"]
[SourceQuality "1"]

1. e4 c5 2. Nf3 Nc6 3. Bb5 Qc7 4. Nc3 e6 5. Bxc6 Qxc6 6. d4 cxd4 7. Nxd4 Qc7 8. 0-0 a6 9. a4 Nf6 10. f4 Bc5 11. e5 Ng4 12. Ne4 b6 13. Nxc5 Qxc5 14. Ra3 f5 15. h3 Nh6 16. Be3 Qc7 17. Rc3 Qb7 18. Rb3 Nf7 19. Nf3 Qe4 20. Qd4 Qxc2 21. Rxb6 a5 22. Rc1 Qe2 23. Re1 Qc2 24. Rc1 Qe2 25. Bd2 0-0 26. Re1 Ba6 27. Rxe2 Bxe2 28. Kf2 Bd1 29. Bc3 Bc2 30. Qxd7 Rfd8 31. Qxe6 Bxa4 32. Ng5 Ra7 33. Nxf7 Rxf7 34. Rb7 Be8 35. Bxa5 Ra8 36. Bb4 g6 37. Re7 1-0